[Event "Verbandsliga Nord Baden 1314"]
[Site "Germany"]
[Date "2013.11.17"]
[Round "2.1"]
[White "Noe, Christopher"]
[Black "Grathwohl, Roland"]
[Result "0-1"]
[WhiteElo "2253"]
[BlackElo "2289"]
[PlyCount "112"]
[EventDate "2013.10.20"]
[EventType "team-tourn"]
[EventRounds "9"]
[EventCountry "GER"]
[SourceTitle "EXT 2015"]
[Source "ChessBase"]
[SourceDate "2014.11.20"]
[SourceVersion "1"]
[SourceVersionDate "2014.11.20"]
[SourceQuality "1"]
[WhiteTeam "Eppingen II"]
[BlackTeam "Leimen"]
[WhiteTeamCountry "GER"]
[BlackTeamCountry "GER"]

1. d4 Nf6 2. Nf3 e6 3. g3 b5 4. Bg2 Bb7 5. 0-0 c5 6. Nbd2 cxd4 7. Nb3 Be7 8. Nbxd4 a6 9. c3 0-0 10. a4 b4 11. cxb4 Bxb4 12. Nc2 Be7 13. b4 Be4 14. Nfd4 Bxg2 15. Kxg2 Qb6 16. Ba3 Nc6 17. b5 axb5 18. Bxe7 Nxe7 19. Nxb5 Rfc8 20. Ne3 d5 21. Qd3 Ne4 22. Rfb1 Qa5 23. Qa3 Nc6 24. Rc1 Ne5 25. f3 Nd2 26. Nd6 Rxc1 27. Rxc1 Qa6 28. Kf2 d4 29. Nf1 Nxf1 30. Kxf1 d3 31. Nb5 d2 32. Rd1 Qxb5 33. axb5 Rxa3 34. Rxd2 Kf8 35. f4 Nc4 36. Rd7 Rb3 37. Rb7 Nd6 38. Rb8+ Ke7 39. b6 Nc4 40. b7 Nd6 41. Rg8 Ne8 42. e4 Rxb7 43. e5 Rb2 44. Kg1 h5 45. h3 g6 46. h4 Ra2 47. Kf1 Ra8 48. Kg2 Nc7 49. Rxa8 Nxa8 50. Kf3 Nb6 51. g4 hxg4+ 52. Kxg4 Nd5 53. Kg5 Kf8 54. h5 gxh5 55. f5 exf5 56. Kxf5 Ke7 0-1

[Event "Baden OL 0102"]
[Site "Germany"]
[Date "2002.04.28"]
[Round "9.6"]
[White "Grathwohl, Roland"]
[Black "Mandl, Rudolf"]
[Result "1-0"]
[WhiteElo "2283"]
[BlackElo "2245"]
[PlyCount "91"]
[EventDate "2001.10.07"]
[EventType "team-tourn"]
[EventRounds "9"]
[EventCountry "GER"]
[SourceTitle "EXT 2003"]
[Source "ChessBase"]
[SourceDate "2002.11.25"]
[SourceVersion "1"]
[SourceVersionDate "2002.11.25"]
[SourceQuality "1"]
[WhiteTeam "Heidelberg"]
[BlackTeam "Eppingen II"]
[WhiteTeamCountry "GER"]
[BlackTeamCountry "GER"]

1. Nf3 g6 2. c4 Bg7 3. Nc3 d6 4. g3 e5 5. Bg2 f5 6. d3 Nf6 7. 0-0 0-0 8. c5 h6 9. cxd6 cxd6 10. Nd2 Nc6 11. b4 a6 12. b5 Nd4 13. bxa6 Rxa6 14. e3 Nc6 15. Nb5 Re8 16. a4 Bf8 17. Ba3 Na7 18. Qc2 d5 19. Bxf8 Rxf8 20. Qb2 Qe7 21. Nf3 Nc6 22. Rfc1 Rd8 23. d4 e4 24. Nd2 Ne8 25. Bf1 Ra8 26. Rc5 Be6 27. Nc3 f4 28. gxf4 Nf6 29. Bg2 g5 30. fxg5 hxg5 31. Rb5 Rab8 32. Rb1 Rd7 33. Nb3 Bg4 34. Nc5 Bf3 35. Nxd7 Qxd7 36. h3 Qf5 37. Qa2 Ne7 38. Rxb7 Rxb7 39. Rxb7 Bxg2 40. Kxg2 Ng6 41. Kf1 Nh4 42. Ke1 Ng2+ 43. Kd1 Qf3+ 44. Qe2 Qxh3 45. Kc2 Qh1 46. Qa6 1-0

[Event "Bad Woerishofen op 17th"]
[Site "Bad Woerishofen"]
[Date "2001.??.??"]
[Round "3"]
[White "Doell, Detlef"]
[Black "Grathwohl, Roland"]
[Result "1/2-1/2"]
[WhiteElo "2123"]
[BlackElo "2283"]
[PlyCount "102"]
[EventDate "2001.03.15"]
[EventType "swiss"]
[EventRounds "9"]
[EventCountry "GER"]
[SourceTitle "CBM 081 Extra"]
[Source "ChessBase"]
[SourceDate "2001.05.06"]
[SourceVersion "1"]
[SourceVersionDate "2001.05.06"]
[SourceQuality "1"]

1. e4 c6 2. d4 d5 3. e5 Bf5 4. Nc3 Qb6 5. Na4 Qc7 6. Bd3 Bxd3 7. Qxd3 e6 8. f4 Ne7 9. Nf3 h5 10. Be3 Nf5 11. Bf2 Be7 12. g3 Nd7 13. h3 Qa5+ 14. Nc3 c5 15. Qb5 Qc7 16. Kf1 0-0-0 17. Qd3 Qc6 18. Ne2 f6 19. c3 fxe5 20. fxe5 g5 21. Nd2 Nb6 22. b3 c4 23. Qc2 Qe8 24. a4 cxb3 25. Qxb3 Qc6 26. Kg1 Kb8 27. Qb5 Rc8 28. Kg2 Nc4 29. Nxc4 Qxc4 30. Rhb1 Rc7 31. Rb2 Rhc8 32. Rab1 Qxb5 33. Rxb5 Rd7 34. g4 Ng7 35. Be3 Rf8 36. Ng1 hxg4 37. hxg4 Ne8 38. Nf3 Bd8 39. Bxg5 Rxf3 40. Bxd8 Rxc3 41. Bf6 Rd3 42. R5b4 a5 43. Rb6 Rxd4 44. Kf3 Ng7 45. Rh1 Rc7 46. Rb3 Rcc4 47. Bxg7 Rf4+ 48. Ke2 Rxg4 49. Bf6 Rge4+ 50. Kf3 Rf4+ 51. Kg3 Rg4+ 1/2-1/2

[Event "Bad Woerishofen op 17th"]
[Site "Bad Woerishofen"]
[Date "2001.??.??"]
[Round "6"]
[White "Grathwohl, Roland"]
[Black "Kugelmann, Werner"]
[Result "1-0"]
[WhiteElo "2283"]
[BlackElo "2159"]
[PlyCount "127"]
[EventDate "2001.03.15"]
[EventType "swiss"]
[EventRounds "9"]
[EventCountry "GER"]
[SourceTitle "CBM 081 Extra"]
[Source "ChessBase"]
[SourceDate "2001.05.06"]
[SourceVersion "1"]
[SourceVersionDate "2001.05.06"]
[SourceQuality "1"]

1. Nf3 Nf6 2. c4 g6 3. Nc3 Bg7 4. d4 d6 5. Bg5 h6 6. Bh4 0-0 7. e3 Na6 8. Be2 c5 9. 0-0 Bd7 10. a3 Re8 11. Rb1 Bf5 12. Bd3 Bxd3 13. Qxd3 Nc7 14. Bxf6 Bxf6 15. Ne4 Bg7 16. dxc5 f5 17. Nc3 dxc5 18. Qc2 e6 19. Rfd1 Qe7 20. Qa4 Red8 21. Rxd8+ Qxd8 22. Rd1 Qe8 23. Qd7 Rc8 24. Nh4 Qxd7 25. Rxd7 Kh7 26. f4 g5 27. Nf3 Kg6 28. Kf2 a6 29. a4 b5 30. h4 Bf6 31. hxg5 hxg5 32. axb5 axb5 33. cxb5 gxf4 34. exf4 Bxc3 35. bxc3 Nxb5 36. c4 Nc3 37. Ne5+ Kh6 38. Re7 Ne4+ 39. Ke3 Ra8 40. Rxe6+ Kh7 41. g4 Ra3+ 42. Nd3 Ng3 43. g5 Nf1+ 44. Ke2 Ng3+ 45. Kd2 Ne4+ 46. Ke3 Rc3 47. Re7+ Kg6 48. Re8 Nf2 49. Re6+ Kh5 50. Kxf2 Rxd3 51. Rf6 Rd4 52. Rxf5 Rxc4 53. Rf6 Rd4 54. Kf3 Rd3+ 55. Ke4 Rd8 56. Kf5 Rd5+ 57. Ke6 Rd8 58. g6 Kh6 59. f5 c4 60. Rf7 Rc8 61. Rh7+ Kg5 62. g7 Rg8 63. Kf7 Rxg7+ 64. Kxg7 1-0

[Event "Bad Woerishofen op 17th"]
[Site "Bad Woerishofen"]
[Date "2001.??.??"]
[Round "9"]
[White "Gutman, Lev"]
[Black "Grathwohl, Roland"]
[Result "1-0"]
[WhiteElo "2527"]
[BlackElo "2283"]
[PlyCount "71"]
[EventDate "2001.03.15"]
[EventType "swiss"]
[EventRounds "9"]
[EventCountry "GER"]
[SourceTitle "CBM 081 Extra"]
[Source "ChessBase"]
[SourceDate "2001.05.06"]
[SourceVersion "1"]
[SourceVersionDate "2001.05.06"]
[SourceQuality "1"]

1. e4 c6 2. Nf3 d5 3. Nc3 dxe4 4. Nxe4 Bg4 5. h3 Bh5 6. a4 e6 7. a5 Nd7 8. Ng3 Bg6 9. d4 Bd6 10. Bd3 Ngf6 11. Bxg6 hxg6 12. Ne2 Qc7 13. 0-0 0-0 14. c4 c5 15. a6 bxa6 16. Rxa6 Nb8 17. Ra4 Nc6 18. Be3 Rfd8 19. Qe1 cxd4 20. Nexd4 Nxd4 21. Nxd4 a6 22. Qe2 Be5 23. Nf3 Bf4 24. Bxf4 Qxf4 25. Qe5 Qe4 26. Qxe4 Nxe4 27. b4 Rab8 28. Rc1 Rd3 29. Rxa6 Rxb4 30. Ra8+ Kh7 31. Ne5 Rd2 32. Nxf7 g5 33. Re1 Rxf2 34. Rh8+ Kg6 35. Ne5+ Kf5 36. Nd3 1-0

[Event "Bad Woerishofen op 17th"]
[Site "Bad Woerishofen"]
[Date "2001.??.??"]
[Round "7"]
[White "Martinovic, Slobodan"]
[Black "Grathwohl, Roland"]
[Result "1/2-1/2"]
[WhiteElo "2428"]
[BlackElo "2283"]
[PlyCount "73"]
[EventDate "2001.03.15"]
[EventType "swiss"]
[EventRounds "9"]
[EventCountry "GER"]
[SourceTitle "CBM 081 Extra"]
[Source "ChessBase"]
[SourceDate "2001.05.06"]
[SourceVersion "1"]
[SourceVersionDate "2001.05.06"]
[SourceQuality "1"]

1. e4 c6 2. d4 d5 3. Nd2 dxe4 4. Nxe4 Nf6 5. Ng3 e6 6. Nf3 Nbd7 7. Bd3 c5 8. 0-0 Be7 9. c4 cxd4 10. Nxd4 0-0 11. b3 a6 12. Bb2 Qc7 13. Qe2 Re8 14. a3 Nf8 15. Ne4 Ng6 16. g3 e5 17. Nc2 Be6 18. Ne3 Rad8 19. Rfd1 Qc6 20. f3 Nd7 21. Nc3 Bc5 22. b4 Bxe3+ 23. Qxe3 Bxc4 24. Be4 Qc8 25. Qa7 b5 26. Nd5 Nf6 27. Nxf6+ gxf6 28. Qb6 Be2 29. Rdc1 Qe6 30. Qe3 Bc4 31. Rd1 f5 32. Bc2 f4 33. Qf2 Rxd1+ 34. Bxd1 Bb3 35. Be2 Bc4 36. Bd1 Bb3 37. Be2 1/2-1/2

[Event "BL2-Sued 9697"]
[Site "Germany"]
[Date "1997.??.??"]
[Round "?.5"]
[White "Grathwohl, Roland"]
[Black "Dittmar, Peter"]
[Result "1/2-1/2"]
[WhiteElo "2275"]
[BlackElo "2360"]
[PlyCount "53"]
[EventDate "1996.10.??"]
[EventType "team-tourn"]
[EventRounds "9"]
[EventCountry "GER"]
[SourceTitle "GER-chT2"]
[Source "ChessBase"]
[SourceDate "1999.07.01"]
[SourceVersion "1"]
[SourceVersionDate "1999.07.01"]
[SourceQuality "1"]
[WhiteTeam "Heidelberg"]
[BlackTeam "Sindelfingen"]
[WhiteTeamCountry "GER"]
[BlackTeamCountry "GER"]

1. Nf3 d5 2. e3 c6 3. b3 Bg4 4. Bb2 Nd7 5. Be2 e6 6. 0-0 Ngf6 7. d4 Be7 8. c4 0-0 9. Nbd2 a5 10. a3 Qb8 11. h3 Bf5 12. Nh4 Be4 13. f3 Qg3 14. fxe4 Qxe3+ 15. Kh1 Nxe4 16. Nxe4 dxe4 17. d5 Bxh4 18. dxe6 Bf6 19. Qxd7 Bxb2 20. Rae1 Be5 21. exf7+ Kh8 22. Qg4 Qxb3 23. a4 Rad8 24. Rb1 Qg3 25. Qxg3 Bxg3 26. Rb3 Rd2 27. Re3 1/2-1/2

[Event "BL2-Sued 9697"]
[Site "Germany"]
[Date "1997.??.??"]
[Round "?.5"]
[White "Grathwohl, Roland"]
[Black "Maier, Christian"]
[Result "0-1"]
[WhiteElo "2275"]
[BlackElo "2360"]
[PlyCount "71"]
[EventDate "1996.10.??"]
[EventType "team-tourn"]
[EventRounds "9"]
[EventCountry "GER"]
[SourceTitle "GER-chT2"]
[Source "ChessBase"]
[SourceDate "1999.07.01"]
[SourceVersion "1"]
[SourceVersionDate "1999.07.01"]
[SourceQuality "1"]
[WhiteTeam "Heidelberg"]
[BlackTeam "Zaehringen"]
[WhiteTeamCountry "GER"]
[BlackTeamCountry "GER"]

1. g3 e5 2. Bg2 Nc6 3. c4 h5 4. h3 g6 5. Nc3 Bg7 6. e3 Nge7 7. Nge2 d6 8. a3 0-0 9. Rb1 Be6 10. Nd5 Nf5 11. d3 Rb8 12. b4 Re8 13. b5 Nce7 14. e4 Nd4 15. Nxd4 exd4 16. 0-0 Qc8 17. Kh2 Nxd5 18. cxd5 Bd7 19. Bd2 a6 20. bxa6 b6 21. Qc2 Qxa6 22. Qxc7 Bb5 23. Rfe1 Be5 24. Qc1 Bxd3 25. Bf1 Rbc8 26. Qd1 Bxf1 27. Rxf1 Qd3 28. Rxb6 Rc2 29. Bf4 Rxf2+ 30. Kg1 Rxf1+ 31. Qxf1 Qxe4 32. Qg2 Qe1+ 33. Qf1 Bxf4 34. Qxe1 Rxe1+ 35. Kf2 Bd2 36. Rxd6 0-1

[Event "BL2-Sued 9798"]
[Site "Germany"]
[Date "1997.??.??"]
[Round "?.4"]
[White "Kraai, Jesse"]
[Black "Grathwohl, Roland"]
[Result "1-0"]
[WhiteElo "2345"]
[BlackElo "2290"]
[PlyCount "39"]
[EventDate "1997.10.??"]
[EventType "team-tourn"]
[EventRounds "9"]
[EventCountry "GER"]
[SourceTitle "EXT 1999"]
[Source "ChessBase"]
[SourceDate "1998.11.16"]
[SourceVersion "1"]
[SourceVersionDate "1998.11.16"]
[SourceQuality "1"]
[WhiteTeam "Viernheim"]
[BlackTeam "Heidelberg"]
[WhiteTeamCountry "GER"]
[BlackTeamCountry "GER"]

1. d4 Nf6 2. c4 e6 3. Nf3 Bb4+ 4. Bd2 a5 5. g3 b6 6. Bg2 Bb7 7. 0-0 0-0 8. Bf4 Be7 9. Qd3 d6 10. Nc3 Na6 11. Rad1 Qc8 12. e4 e5 13. dxe5 Nc5 14. Qc2 Nfxe4 15. Nd5 Bxd5 16. Rxd5 f6 17. exf6 Nxf6 18. Rd2 Qa6 19. Ng5 b5 20. Re2 1-0

[Event "BL2-Sued 9798"]
[Site "Germany"]
[Date "1997.??.??"]
[Round "?.4"]
[White "Pohl Kuemmel, Jens Uwe"]
[Black "Grathwohl, Roland"]
[Result "1-0"]
[WhiteElo "2280"]
[BlackElo "2290"]
[PlyCount "120"]
[EventDate "1997.10.??"]
[EventType "team-tourn"]
[EventRounds "9"]
[EventCountry "GER"]
[SourceTitle "EXT 1999"]
[Source "ChessBase"]
[SourceDate "1998.11.16"]
[SourceVersion "1"]
[SourceVersionDate "1998.11.16"]
[SourceQuality "1"]
[WhiteTeam "Regensburg SVF"]
[BlackTeam "Heidelberg"]
[WhiteTeamCountry "GER"]
[BlackTeamCountry "GER"]

1. d4 Nf6 2. Nf3 e6 3. c4 Bb4+ 4. Bd2 Qe7 5. g3 Nc6 6. Bg2 Bxd2+ 7. Nbxd2 d6 8. e4 e5 9. d5 Nb8 10. 0-0 0-0 11. Ne1 a5 12. Nd3 Na6 13. Qc2 c6 14. Rfc1 Nd7 15. a3 Ndc5 16. Nxc5 Nxc5 17. b4 axb4 18. axb4 Rxa1 19. Rxa1 Na6 20. Qc3 c5 21. bxc5 Nxc5 22. Nb3 Nxb3 23. Qxb3 Qc7 24. Qb4 Bd7 25. Ra7 Rb8 26. f4 f6 27. Bf3 Kf7 28. Kf2 Ke7 29. Ke3 Qc5+ 30. Qxc5 dxc5 31. Bd1 Kd6 32. Ba4 Bxa4 33. Rxa4 Re8 34. Ra2 g6 35. f5 gxf5 36. exf5 Rg8 37. Kf3 h5 38. h3 Rg5 39. g4 hxg4+ 40. hxg4 Rg8 41. Rb2 Kc7 42. Rh2 b5 43. cxb5 Kd6 44. Rh6 Kxd5 45. Rxf6 Rb8 46. g5 Rxb5 47. g6 Rb3+ 48. Kg4 Rb1 49. Rf8 Rg1+ 50. Kh5 Ke4 51. Kh6 Rh1+ 52. Kg5 Rg1+ 53. Kf6 Rf1 54. Ke6 Rg1 55. Rf7 c4 56. g7 c3 57. f6 c2 58. Rc7 c1Q 59. Rxc1 Rxc1 60. g8Q Rc6+ 1-0

[Event "BL2-Sued 9495"]
[Site "Germany"]
[Date "1995.??.??"]
[Round "2.2"]
[White "Arnold, Lothar"]
[Black "Grathwohl, Roland"]
[Result "1-0"]
[WhiteElo "2350"]
[BlackElo "2295"]
[PlyCount "95"]
[EventDate "1994.10.??"]
[EventType "team-tourn"]
[EventRounds "9"]
[EventCountry "GER"]
[SourceTitle "GER-chT2"]
[Source "ChessBase"]
[SourceDate "1999.07.01"]
[SourceVersion "1"]
[SourceVersionDate "1999.07.01"]
[SourceQuality "1"]
[WhiteTeam "Eppingen"]
[BlackTeam "Heidelberg"]
[WhiteTeamCountry "GER"]
[BlackTeamCountry "GER"]

1. e4 c6 2. d4 d5 3. Nc3 dxe4 4. Nxe4 Nd7 5. Bc4 Ngf6 6. Ng5 e6 7. Qe2 Nb6 8. Bd3 h6 9. N5f3 c5 10. dxc5 Bxc5 11. Ne5 Qc7 12. Ngf3 Nbd7 13. Bf4 Bb4+ 14. Nd2 Bxd2+ 15. Kxd2 Nc5 16. Bb5+ Bd7 17. Kc1 0-0-0 18. Ng6 Bxb5 19. Qxb5 Nd3+ 20. Qxd3 Qc5 21. Ne7+ Qxe7 22. Qc4+ Kd7 23. Qa4+ Kc8 24. Qc4+ Kd7 25. Qa4+ Kc8 26. Qxa7 Qb4 27. Be3 Qg4 28. Qc5+ Kb8 29. f3 Qa4 30. b3 Qa6 31. Kb2 Nd5 32. c4 Rc8 33. Qd4 Nb4 34. Rhd1 Rhd8 35. Bf4+ Ka8 36. Qxd8 Rxd8 37. Rxd8+ Ka7 38. Be3+ b6 39. Rd6 Nd5 40. Bd2 Nf6 41. Rd1 Kb7 42. Bc3 Ne8 43. Rd7+ Kc6 44. a4 f6 45. Re7 Qc8 46. b4 Nc7 47. b5+ Kc5 48. Rxc7+ 1-0

[Event "BL2-Sued 9596"]
[Site "Germany"]
[Date "1995.??.??"]
[Round "?.6"]
[White "Grathwohl, Roland"]
[Black "Baum, Bernd"]
[Result "1/2-1/2"]
[WhiteElo "2285"]
[BlackElo "2235"]
[PlyCount "125"]
[EventDate "1995.10.??"]
[EventType "team-tourn"]
[EventRounds "9"]
[EventCountry "GER"]
[SourceTitle "GER-chT2"]
[Source "ChessBase"]
[SourceDate "1999.07.01"]
[SourceVersion "1"]
[SourceVersionDate "1999.07.01"]
[SourceQuality "1"]
[WhiteTeam "Heidelberg"]
[BlackTeam "Goeggingen"]
[WhiteTeamCountry "GER"]
[BlackTeamCountry "GER"]

1. c4 e5 2. Nc3 Nc6 3. Nf3 Nf6 4. g3 d5 5. cxd5 Nxd5 6. d3 Be7 7. Bg2 Be6 8. 0-0 0-0 9. a3 Rb8 10. Bd2 f5 11. Qc2 Kh8 12. Na4 Nd4 13. Nxd4 exd4 14. Nc5 Bg8 15. Rac1 Bf6 16. Qa4 Re8 17. Rfe1 Re7 18. b4 a6 19. Qc2 Qe8 20. Bf1 c6 21. Nb3 Rd8 22. a4 Bf7 23. Rb1 Bh5 24. Na5 f4 25. b5 cxb5 26. axb5 fxg3 27. hxg3 axb5 28. Qb2 b6 29. Nb3 Bxe2 30. Bb4 Nxb4 31. Rxe2 Rxe2 32. Bxe2 Nd5 33. Bf3 Nc3 34. Ra1 Qe6 35. Kg2 Re8 36. Nd2 Qf5 37. Ne4 Rd8 38. Ra7 Qe6 39. Qb4 Rc8 40. Nd6 Nd5 41. Bxd5 Qxd5+ 42. Ne4 h6 43. Qa3 Qc6 44. Qa2 Rf8 45. Qa3 Rd8 46. Kh2 Kh7 47. Qb3 Rd7 48. Ra6 Be5 49. Qd1 Bc7 50. Qh5 g6 51. Qg4 Rf7 52. Kg1 Be5 53. Qd1 Kg7 54. Qb3 Re7 55. Qa3 Rc7 56. Kh2 Rf7 57. Qb3 Rd7 58. Qa3 Bd6 59. Qb3 Bc5 60. Qa2 Rf7 61. Ra7 Qe8 62. Ra8 Qd7 63. Rg8+ 1/2-1/2

[Event "BL2-Sued 9394"]
[Site "Germany"]
[Date "1994.??.??"]
[Round "?.7"]
[White "Grathwohl, Roland"]
[Black "Kargoll, Boris"]
[Result "1/2-1/2"]
[WhiteElo "2295"]
[BlackElo "2315"]
[PlyCount "82"]
[EventDate "1993.10.??"]
[EventType "team-tourn"]
[EventRounds "9"]
[EventCountry "GER"]
[SourceTitle "GER-chT2"]
[Source "ChessBase"]
[SourceDate "1999.07.01"]
[SourceVersion "1"]
[SourceVersionDate "1999.07.01"]
[SourceQuality "1"]
[WhiteTeam "Heidelberg"]
[BlackTeam "Karlsruhe"]
[WhiteTeamCountry "GER"]
[BlackTeamCountry "GER"]

1. Nf3 d5 2. b3 Bg4 3. e3 Nd7 4. Bb2 Ngf6 5. Be2 e6 6. c4 c6 7. 0-0 Bd6 8. d4 Ne4 9. Ne5 Bxe2 10. Qxe2 Nxe5 11. dxe5 Be7 12. cxd5 cxd5 13. b4 f5 14. f3 Ng5 15. Nd2 0-0 16. a3 Qd7 17. Nb3 Rac8 18. Rac1 Rxc1 19. Rxc1 Rc8 20. Rxc8+ Qxc8 21. Nd4 Nf7 22. f4 Bd8 23. g4 g6 24. gxf5 gxf5 25. Nb5 a6 26. Nd6 Qd7 27. Bd4 Be7 28. b5 axb5 29. Nxb5 Qc6 30. a4 Bc5 31. Kg2 Kf8 32. Qh5 h6 33. Qg6 Be7 34. Kg3 Qc1 35. Kh3 Qf1+ 36. Qg2 Qxg2+ 37. Kxg2 Ke8 38. Kf3 Kd7 39. Ke2 Nd8 40. Kd3 Nc6 41. Bc3 Bc5 1/2-1/2

[Event "Verbandsliga Nord Baden 9293"]
[Site "Germany"]
[Date "1992.10.18"]
[Round "2.1"]
[White "Burnazovic, Ervin"]
[Black "Grathwohl, Roland"]
[Result "1/2-1/2"]
[WhiteElo "2370"]
[BlackElo "2295"]
[PlyCount "40"]
[EventDate "1992.09.27"]
[EventType "team-tourn"]
[EventRounds "9"]
[EventCountry "GER"]
[SourceTitle "EXT 2002"]
[Source "ChessBase"]
[SourceDate "2001.11.25"]
[SourceVersion "1"]
[SourceVersionDate "2001.11.25"]
[SourceQuality "1"]
[WhiteTeam "Lasker Mannheim"]
[BlackTeam "Muehlhausen"]
[WhiteTeamCountry "GER"]
[BlackTeamCountry "GER"]

1. Nf3 Nf6 2. d4 e6 3. Bf4 b6 4. e3 Bb7 5. Bd3 c5 6. Nbd2 Be7 7. c3 Nc6 8. h3 d6 9. 0-0 0-0 10. Re1 Re8 11. Rc1 h6 12. Qc2 Bf8 13. Rcd1 Qc7 14. Ne4 Nxe4 15. Bxe4 cxd4 16. exd4 Rac8 17. Re2 Na5 18. Rde1 Ba6 19. Bd3 Bxd3 20. Qxd3 Nc4 1/2-1/2

[Event "Bundesliga 8990"]
[Site "Germany"]
[Date "1990.??.??"]
[Round "?.5"]
[White "Grathwohl, Roland"]
[Black "Buecker, Stefan"]
[Result "1/2-1/2"]
[WhiteElo "2360"]
[BlackElo "2345"]
[PlyCount "157"]
[EventDate "1989.10.??"]
[EventType "team-tourn"]
[EventRounds "15"]
[EventCountry "GER"]
[SourceTitle "GER-chT"]
[Source "ChessBase"]
[SourceDate "1999.07.01"]
[SourceVersion "1"]
[SourceVersionDate "1999.07.01"]
[SourceQuality "1"]
[WhiteTeam "Heidelberg"]
[BlackTeam "Dortmund"]
[WhiteTeamCountry "GER"]
[BlackTeamCountry "GER"]

1. Nf3 f5 2. c4 Nf6 3. g3 d6 4. d4 g6 5. Bg2 Bg7 6. Nc3 c6 7. 0-0 0-0 8. Qc2 Qc7 9. Rd1 e5 10. c5 dxc5 11. dxc5 Na6 12. Qb3+ Kh8 13. Qc4 Qe7 14. Rd6 Ne8 15. Bg5 Nxd6 16. Qh4 Qf7 17. cxd6 e4 18. Ne1 Nc5 19. Rd1 Ne6 20. Be7 Bd7 21. Bxf8 Rxf8 22. Qe7 Be8 23. Qxf7 Bxf7 24. f3 e3 25. f4 Rd8 26. Nf3 Nc5 27. b4 Nd7 28. Na4 Bxa2 29. Nc5 Nxc5 30. bxc5 Kg8 31. Rd3 b6 32. Ra3 Bd5 33. Rxa7 bxc5 34. d7 Kf7 35. Ra3 Rxd7 36. Ng5+ Kf8 37. Nxh7+ Kg8 38. Ng5 c4 39. Ra8+ Bf8 40. Rc8 Ra7 41. Bxd5+ cxd5 42. Ne6 Rf7 43. Kg2 Rf6 44. Nd4 Kf7 45. Kf3 Bd6 46. Nc2 Ke6 47. Kxe3 Kd7 48. Rg8 Bc5+ 49. Kd2 d4 50. Rg7+ Kc6 51. h4 Rd6 52. Rg8 d3 53. Rc8+ Kb6 54. exd3 Rxd3+ 55. Ke2 Rxg3 56. Rg8 Rg2+ 57. Kd1 Rg4 58. Ne1 Bd6 59. Nf3 Bxf4 60. Rf8 Rg3 61. Ke2 Rg2+ 62. Kf1 c3 63. Rf6+ Kb7 64. Kxg2 c2 65. Rc6 Kxc6 66. Nd4+ Kd5 67. Nxc2 Bd2 68. Kf3 Ke5 69. Ke2 Ba5 70. Ne3 Bd8 71. h5 g5 72. Kf3 Ke6 73. h6 Bf6 74. h7 Bh8 75. Nc4 Kf6 76. Nd6 Kg6 77. Kg3 Be5+ 78. Kh3 Bf6 79. Kg3 1/2-1/2

[Event "Bundesliga 9091"]
[Site "Germany"]
[Date "1990.??.??"]
[Round "?.7"]
[White "Grathwohl, Roland"]
[Black "Roese, Oliver"]
[Result "0-1"]
[WhiteElo "2320"]
[BlackElo "2385"]
[PlyCount "60"]
[EventDate "1990.10.06"]
[EventType "team-tourn"]
[EventRounds "15"]
[EventCountry "GER"]
[SourceTitle "GER-chT"]
[Source "ChessBase"]
[SourceDate "1999.07.01"]
[SourceVersion "1"]
[SourceVersionDate "1999.07.01"]
[SourceQuality "1"]
[WhiteTeam "Heidelberg"]
[BlackTeam "Muenchen 36"]
[WhiteTeamCountry "GER"]
[BlackTeamCountry "GER"]

1. Nf3 Nf6 2. b3 g6 3. Bb2 Bg7 4. e3 c5 5. c4 0-0 6. Be2 d6 7. 0-0 b6 8. d4 e6 9. Nc3 Bb7 10. dxc5 bxc5 11. Qc2 Nc6 12. Rad1 Qe7 13. Nd2 Ne8 14. Na4 Bxb2 15. Qxb2 f5 16. f4 Nf6 17. Bf3 e5 18. Rfe1 Rae8 19. Qb1 Qg7 20. Nf1 exf4 21. Rxd6 Qc7 22. Rdd1 Ne4 23. Bxe4 fxe4 24. exf4 Qxf4 25. Qb2 e3 26. Re2 Nd4 27. Nxc5 Nxe2+ 28. Qxe2 Qf2+ 29. Qxf2 exf2+ 30. Kh1 Re1 0-1

[Event "Bundesliga 8990"]
[Site "Germany"]
[Date "1990.??.??"]
[Round "?.4"]
[White "Grathwohl, Roland"]
[Black "Zude, Erik"]
[Result "1-0"]
[WhiteElo "2360"]
[BlackElo "2325"]
[PlyCount "53"]
[EventDate "1989.10.??"]
[EventType "team-tourn"]
[EventRounds "15"]
[EventCountry "GER"]
[SourceTitle "GER-chT"]
[Source "ChessBase"]
[SourceDate "1999.07.01"]
[SourceVersion "1"]
[SourceVersionDate "1999.07.01"]
[SourceQuality "1"]
[WhiteTeam "Heidelberg"]
[BlackTeam "Hofheim"]
[WhiteTeamCountry "GER"]
[BlackTeamCountry "GER"]

1. Nf3 d5 2. d4 Nf6 3. c4 e6 4. Nc3 Be7 5. cxd5 exd5 6. Bg5 h6 7. Bh4 c6 8. e3 Qb6 9. Rb1 Bf5 10. Bd3 Bxd3 11. Qxd3 Qa6 12. Ke2 0-0 13. Qxa6 Nxa6 14. Rhc1 Rfe8 15. Bxf6 Bxf6 16. b4 Nc7 17. b5 c5 18. dxc5 d4 19. Nd1 Nd5 20. Rc4 Rad8 21. Rbc1 Re6 22. Nxd4 Bxd4 23. Rxd4 Nc3+ 24. Kd3 Rxd4+ 25. exd4 Nxa2 26. Ra1 Nb4+ 27. Kc4 1-0

[Event "Bundesliga 8990"]
[Site "Germany"]
[Date "1990.??.??"]
[Round "?.5"]
[White "Loeffler, Stefan"]
[Black "Grathwohl, Roland"]
[Result "0-1"]
[WhiteElo "2320"]
[BlackElo "2360"]
[PlyCount "62"]
[EventDate "1989.10.??"]
[EventType "team-tourn"]
[EventRounds "15"]
[EventCountry "GER"]
[SourceTitle "GER-chT"]
[Source "ChessBase"]
[SourceDate "1999.07.01"]
[SourceVersion "1"]
[SourceVersionDate "1999.07.01"]
[SourceQuality "1"]
[WhiteTeam "Zehlendorf"]
[BlackTeam "Heidelberg"]
[WhiteTeamCountry "GER"]
[BlackTeamCountry "GER"]

1. g3 Nf6 2. Bg2 d5 3. Nf3 c6 4. d3 Bg4 5. 0-0 Nbd7 6. b3 e6 7. c4 a5 8. Nc3 Bd6 9. cxd5 exd5 10. e4 dxe4 11. dxe4 Ne5 12. Bb2 Qe7 13. Qe2 0-0 14. Kh1 Rfe8 15. h3 Bh5 16. Qe3 Bc5 17. Nd4 Bxd4 18. Qxd4 Rad8 19. Qe3 Rd3 20. Qb6 Bf3 21. Qxa5 Qe6 22. Kg1 Nh5 23. Bc1 b6 24. Qxb6 Rxc3 25. Be3 Nf6 26. Bd4 Bxg2 27. Kxg2 Ned7 28. Qa7 Rc2 29. Rfe1 c5 30. Bxf6 Qxf6 31. Rf1 Qc6 0-1

[Event "Bundesliga 8990"]
[Site "Germany"]
[Date "1990.??.??"]
[Round "?.5"]
[White "Vonthron, Horst"]
[Black "Grathwohl, Roland"]
[Result "1-0"]
[WhiteElo "2385"]
[BlackElo "2360"]
[PlyCount "59"]
[EventDate "1989.10.??"]
[EventType "team-tourn"]
[EventRounds "15"]
[EventCountry "GER"]
[SourceTitle "GER-chT"]
[Source "ChessBase"]
[SourceDate "1999.07.01"]
[SourceVersion "1"]
[SourceVersionDate "1999.07.01"]
[SourceQuality "1"]
[WhiteTeam "Kirchheim"]
[BlackTeam "Heidelberg"]
[WhiteTeamCountry "GER"]
[BlackTeamCountry "GER"]

1. e4 c6 2. d3 e5 3. Nf3 Ne7 4. c3 d6 5. d4 exd4 6. cxd4 d5 7. Nc3 dxe4 8. Ng5 Nd5 9. Bc4 Be7 10. Ngxe4 0-0 11. 0-0 Be6 12. Qb3 Nxc3 13. bxc3 Bxc4 14. Qxc4 Qd5 15. Qb3 Nd7 16. Re1 Nb6 17. Bb2 Rfe8 18. Re2 f5 19. Nd2 Bg5 20. Rxe8+ Rxe8 21. c4 Qf7 22. Nf3 Bf6 23. Rc1 Re2 24. Kf1 Re4 25. a4 c5 26. a5 Nc8 27. dxc5 Bxb2 28. Qxb2 Rxc4 29. Rd1 Re4 30. Ne5 1-0